00398nam a2200121Ia 4500008004100000020001800041084002400059100002400083245004300107260002900150300002000179650007700199220326s9999||||xx |||||||||||||| ||und|| a979-3695-42-0 a10194 MUL Gov Bo.2a aM. R. Khairul Muluk 0aDesentralisasi dan Pemerintahan Daerah aMalangbBayu Mediac2006 ax + 166 halaman aGovernment (Pemerintahan)eG-O-VyDesentralisasi dan Pemerintahan Daerah